000 00283nam a22001337a 4500
008 170601b xxu||||| |||| 00| 0 eng d
020 _a9780812922059
041 _aeng
080 _a17
100 _a17
101 _aSHH
245 _aA GOLD PEACE
_c002-287345
942 _2udc
_cBK
999 _c15355
_d15355